Les films de 2024 - Statistiques

Statistiques générales
  • Ce quiz a été pris 185 fois
  • Le résultat moyen est 7 sur 16
Statistiques - réponses
Par images Réponse % Correct
Un p'tit truc en plus
95%
Le Comte de Monte Cristo
92%
Vice-versa 2
86%
Le Joker : Folie à deux
80%
Deadpool et Wolverine
78%
Kaizen
53%
Le Robot Sauvage
51%
En fanfare
39%
La Zone d'intérêt
31%
Miséricorde
14%
Ma vie ma gueule
13%
Les Graines du figuier sauvage
12%
Il reste encore demain
8%
Los Delincuentes
2%
Film annonce du film qui n'existera jamais : « Drôles de guerres »
1%
Mon pire ennemi
1%
Aucun quiz correspondant
Distribution des résultats
% des personnes avec chaque résultat
Percentile par nombre de réponses
Votre historique - résultats
Vous n’avez pas pris ce quiz